000 00476nam a22001337a 4500
005 20241007094846.0
008 241007b |||||||| |||| 00| 0 eng d
100 _aPaz, Grace N.
_eauthor.
_962381
245 _aThe different faces of Maria Clara /
_cGrace N. Paz.
260 _aPhilippines:
_bPublishers Association of the Philippines, Inc.,
_cMarch 2019.
300 _aVolume 66, pages 365-367,
_billustration.
700 _aPaz, Grace N.
_eauthor.
_962382
942 _2ddc
_cPER
999 _c22271
_d22271